| 000 | 00869nam a22001937a 4500 | ||
|---|---|---|---|
| 999 |
_c64097 _d64097 |
||
| 003 | Ge_BSU | ||
| 005 | 20260330152956.0 | ||
| 008 | 260330s2003 ge ||||| |||| 00| 0 geo d | ||
| 041 | _ageo | ||
| 080 | _a005.92 მ-45 | ||
| 245 |
_aმდივან-რეფერენტი : _b[სახელმძღვანელო] / _cშემდგ.: ლ. მიქაია, ა. ეჯიბაძე; რედ.: მ. ოზაშვილი. |
||
| 264 |
_aთბილისი, _c2003. |
||
| 300 |
_a156 გვ. ; _b 20 სმ. |
||
| 653 | _aმდივან-რეფერენტი | ||
| 700 |
_aმიქაია, ლ. _eშემდგენელი _99791 |
||
| 700 |
_aეჯიბიძე, ა. _eშემდგენელი _927242 |
||
| 700 |
_aოზაშვილი, მ. _eრედაქტორი _927243 |
||
| 942 |
_2udc _cᲬᲘᲒᲜᲘ |
||